00481nam a2200169Ia 4500020001800000082002100018100002200039245002600061260004100087300001500128504002800143650003200171650003000203650002700233650002500260650002600285 a81 207 2285 x aRR 030.954 MAT-; aMathews, Mohan M. 0aIndia facts & Figures aNew DelhibSterling Publishersc2001 axvi, 392p. aIncludes index/Ref.book aIndia - Economic conditions aIndia - Social conditions aIndia facts & fingures aIndia - Dictionaries aSocial change - India